000 00282nam a22001217a 4500
003 SGT
082 _a610.7368
_bN90S
100 _aSTRUB, RICHARD L.
245 _aNEUROBEHAVIORAL DISORDERS A CLINICAL APPROACH
260 _aINDIA
_bJAYPEE
_c1990
300 _a507
942 _2ddc
_cBK
999 _c12191
_d12191